Οι εκλεπτύνσεις των κιόνων του Παρθενώνος
Αποθηκεύτηκε σε:
| Κύριος συγγραφέας: | |
|---|---|
| Συγγραφή απο Οργανισμό/Αρχή: | |
| Μορφή: | Βιβλίο |
| Γλώσσα: | Greek |
| Δημοσίευση: |
Αθήνα :
Υπουργείο Πολιτισμού. Επιτροπή Συντηρήσεως Μνημείων Ακροπόλεως,
2002
|
| Θέματα: | |
| Ετικέτες: |
Προσθήκη ετικέτας
Δεν υπάρχουν, Καταχωρήστε ετικέτα πρώτοι!
|
MARC
| LEADER | 00000cam a2200000 i 4500 | ||
|---|---|---|---|
| 001 | 1/31364 | ||
| 008 | 060621s2002 gre d | ||
| 020 | |a 9602140151 | ||
| 035 | |l 10084387 | ||
| 040 | |a GR-MY-UA |b gre |e aacr | ||
| 041 | 0 | |a gre | |
| 082 | 0 | |a 722.809385 |2 (22) | |
| 100 | 1 | |a Ζάμπας, Κώστας. | |
| 245 | 1 | 3 | |a Οι εκλεπτύνσεις των κιόνων του Παρθενώνος / |c Κώστας Ζάμπας ; Υπουργείο Πολιτισμού. Επιτροπή Συντηρήσεως Μνημείων Ακροπόλεως |
| 260 | |a Αθήνα : |b Υπουργείο Πολιτισμού. Επιτροπή Συντηρήσεως Μνημείων Ακροπόλεως, |c 2002 | ||
| 300 | |a 240 σ.; |b εικ., φωτ.; |c 30 εκ. | ||
| 500 | |a Περιέχει περίληψη στα αγγλικά | ||
| 504 | |a Περιέχει βιβλιογραφία (σ. 15-18) | ||
| 610 | 2 | 0 | |a Parthenon (Athens, Greece) |
| 650 | 0 | 0 | |a Temples |z Greece |z Athens |x Conservation and restoretion. |
| 650 | 0 | 0 | |a Architecture, Greek |z Greece |z Athens. |
| 650 | 0 | 0 | |a Architecture, Classical |z Greece |z Athens. |
| 651 | 0 | |a Athens (Greece) |x Antiquities. | |
| 710 | 1 | |a Ελλάς. |b Υπουργείο Πολιτισμού. |b Υπηρεσία Συντηρήσης Μνημείων Ακροπόλεως. | |
| 852 | |a INST |b LESVOS |e 20060621 |h 722.809385 ΖΑΜ |p 005100036147 |q 005100036147 |t BK |y 0 | ||
| 901 | |a BIBL1-2006-2 | ||
| 970 | |a ΚΑΡΑ |b ΓΙΑΣΕΜΗ |z 2006/06/21 | ||